Reklamné a sponzorské náklady vo vzťahu k daňovým výdavkom

Limitujúce obmedzenia pri reklamných daňových výdavkoch podľa platného zákona o dani z príjmov.. Sponzorské náklady. Náklady na sponzoring ako nedaňové výdavky.

Na minha lista:
Detalhes bibliográficos
Autor principal: Čepelová, Monika
Formato: Capítulo de Livro
Idioma:eslovaco
Assuntos:
Tags: Adicionar Tag
Sem tags, seja o primeiro a adicionar uma tag!

MARC

LEADER 00000naa$a2200000$$$4500
001 0017597
005 20231106070108.2
041 0 |a slo 
044 |a SK 
245 1 0 |a Reklamné a sponzorské náklady vo vzťahu k daňovým výdavkom  |c aut. Monika Čepelová 
520 |a Limitujúce obmedzenia pri reklamných daňových výdavkoch podľa platného zákona o dani z príjmov.. Sponzorské náklady. Náklady na sponzoring ako nedaňové výdavky. 
610 2 0 |a dane z príjmov 
610 2 0 |a reklama 
610 2 0 |a výdavky 
610 2 0 |a sponzorovanie 
610 2 0 |a náklady 
100 1 |a Čepelová, Monika